Mitos e ideología en el proceso político chileno

Sábháilte in:
Sonraí bibleagrafaíochta
Príomhchruthaitheoir: Gallardo, Helio
Formáid: LEABHAR
Teanga:Undetermined
Foilsithe / Cruthaithe: San José, Costa Rica Universidad Nacional 1979
Ábhair:
Clibeanna: Cuir clib leis
Níl clibeanna ann, Bí ar an gcéad duine le clib a chur leis an taifead seo!

MARC

LEADER 00000nam a2200000Ia 4500
008 170316s9999 xx 000 0 und d
090 |a 100 G-4m 
100 |a Gallardo, Helio 
245 |a Mitos e ideología en el proceso político chileno 
260 |a San José, Costa Rica 
260 |b Universidad Nacional 
260 |c 1979 
300 |a 180 páginas 
650 |a FILOSOFÍA 
999 |c 16340  |d 16340 
040 |a cru BVZT 
942 |c 15 D  |h 100 G-4m  |2 z